| 000 | 00612cab a2200217 4500 | ||
|---|---|---|---|
| 001 | WB2911-04 | ||
| 008 | 090401t1993 xxu||||| |||| 00| 0 eng d | ||
| 035 | _a(Sirsi) u72236 | ||
| 041 | _aeng | ||
| 245 | _aO & Y assets | ||
| 260 | _c1993 | ||
| 350 | _a0 | ||
| 490 |
_aTimes _v15 March 1993, 33 |
||
| 490 |
_aFinancial Times _v18 March 1993, 29(2) |
||
| 520 | _aReports on the passing of the deadline which now enables Olympia and York`s creditors to seize its assets. | ||
| 650 | _aCOMPANY FAILURES | ||
| 650 | _aOLYMPIA AND YORK | ||
| 690 | _aBUILT ENVIRONMENT | ||
| 942 | _n0 | ||
| 948 | _c04/03/1997 | ||
| 999 |
_c45611 _d45611 |
||